000 00426nam a2200145 i 4500
001 bg
100 1 _aSTAWISZYŃSKI, Andrzej
245 0 _aOchrona przed korozją /
_cAndrzej Stawiszyński.
260 _aWarszawa,
_c1978.
040 _cBPK
041 _apol
942 _cKS
008 s pl f |000 0 pol
856 _uhttp://koha.tu.koszalin.pl/cgi-bin/koha/opac-detail.pl?biblionumber=1364
_yKatalog online BPK
999 _c1364
_d1364